000 00430nam a22001817a 4500
003 MPLRDC
005 20220104113943.0
008 210129b ||||| |||| 00| 0 eng d
082 _a848.2 ZTX v.1
100 _a朱天心著
245 _a昨日当我年轻时
_c
250 _a初版
260 _a
_b三三书坊
_c1981
300 _b
490 _a三三春秋集;3
650 _a现代别集
942 _cBK
_o848.2 ZTX v.1
999 _c3668
_d3658